000 00469nam a2200145 4500
005 20250723171346.0
008 250723b |||||||| |||| 00| 0 eng d
050 _aBV2616
_b.S45 2008
100 _aSelvam, Sahaya G.
245 _aScaffoldings training young people in christian life skills:
_bfacilitator manual/
260 _aNairobi, Kenya
_bDon Bosco youth ministry
_c2008
300 _a280 p.;
_c28 cm.
650 _aChurch work with young people
942 _2lcc
_cBK
999 _c59830
_d59830